Environmental science and technology (Record no. 30013)

000 -LEADER
fixed length control field 00580nam a2200217 a 4500
001 - CONTROL NUMBER
control field 30013
003 - CONTROL NUMBER IDENTIFIER
control field BD-DhUET
008 - FIXED-LENGTH DATA ELEMENTS--GENERAL INFORMATION
fixed length control field 970128s1997 flua b 001 0 eng
020 ## - INTERNATIONAL STANDARD BOOK NUMBER
International Standard Book Number 1566702135
040 ## - CATALOGING SOURCE
Original cataloging agency DLC
Transcribing agency DLC
Modifying agency BD-DhUET
082 ## - DEWEY DECIMAL CLASSIFICATION NUMBER
Classification number 628
Item number MAN/1997
100 1# - MAIN ENTRY--PERSONAL NAME
Personal name Manahan, Stanley E.
245 10 - TITLE STATEMENT
Title Environmental science and technology
250 ## - EDITION STATEMENT
Edition statement 1st ed.
260 ## - PUBLICATION, DISTRIBUTION, ETC. (IMPRINT)
Place of publication, distribution, etc. Boca Raton
Name of publisher, distributor, etc. CRC Lewis Pub.
Date of publication, distribution, etc. 1997
300 ## - PHYSICAL DESCRIPTION
Extent 641 p.
Other physical details ill.
Dimensions 26 cm.
504 ## - BIBLIOGRAPHY, ETC. NOTE
Bibliography, etc Includes bibliographies
650 #0 - SUBJECT ADDED ENTRY--TOPICAL TERM
Topical term or geographic name as entry element Environmental sciences
650 #0 - SUBJECT ADDED ENTRY--TOPICAL TERM
Topical term or geographic name as entry element Ecological engineering
942 ## - ADDED ENTRY ELEMENTS (KOHA)
Koha item type General Book
Holdings
Lost status Withdrawn status Koha date last seen Copy number Piece designation (barcode) Source of classification or shelving scheme Koha item type Shelving location Koha full call number Sublocation or collection (holding branch) Date acquired Price effective from Location (home branch) Damaged status Koha normalized classification for sorting Not for loan
  2015-06-18193283 Reading ItemReading section628/MAN/1997Central Library, BUET2015-06-182015-06-18Central Library, BUET 628_000000000000000_MAN_1997